| 000 | 00794nam a2200229Ia 4500 | ||
|---|---|---|---|
| 005 | 20241021114159.0 | ||
| 008 | 210716s2010 xx 000 0 und d | ||
| 020 | _a9780070706552 | ||
| 040 | _cAIMIT LIBRARY | ||
| 041 | _aeng | ||
| 082 |
_a511.2 _24 _bBUDF |
||
| 100 |
_aBudnick, Frank S. _9182817 |
||
| 245 |
_aApplied mathematics for business, economics, and the social sciences / _cBy Frank S Budnick. |
||
| 250 | _a4th ed. | ||
| 260 |
_aNew Delhi : _bTata McGraw Hill Education Private Limited , _c2010. |
||
| 300 |
_aX,991,I-5p. ; _bPB _c24.8 cm |
||
| 650 |
_aEquations and functions _9182818 |
||
| 650 |
_aLinear functions: applications _9182819 |
||
| 650 |
_aMatrix algebra _9182820 |
||
| 650 |
_aTransportation and assignment models _9182821 |
||
| 942 |
_2ddc _cBK _e1st _k511.2 BUDF |
||
| 999 |
_c205739 _d205739 |
||